000 00787nam a2200217 a 4500
001 000027173
003 AM-YEHGA
005 20250617121136.0
008 001221s1907 gs |||||||||||||||||arm d
040 _aAM-YeHGA
041 0 _aarm
100 1 _aՏեր-Դանիելյան, Միսակ Դանիելի
_c(Արամայիս),
_d1874-1954
245 1 0 _aՄի քանի գլուխ հայ-թրքական ընդհարումներից /
_cԱրամայիս.
260 _aԹիֆլիս :
_bГермесъ,
_c1907.
300 _aմաս
505 0 0 _gՄ. 1 (1907, 100 էջ) :
_tԱսկերան;
_gՄ. 2 (1907, 40 էջ)
_tՎարանդայ-Խաչէն
650 1 4 _aՀայոց պատմություն
650 1 4 _aՀայ-թրքական ընդհարումներ
942 _2udc
_cBK
090 _c11734
999 _c11644
_d11644